|
|
|
|
| LEADER |
00000nam0a2200000 4500 |
| 001 |
266063 |
| 005 |
20231101233954.0 |
| 035 |
|
|
|a (RuTPU)RU\TPU\book\289066
|
| 090 |
|
|
|a 266063
|
| 100 |
|
|
|a 20140702d1986 k y0rusy50 ca
|
| 101 |
0 |
|
|a rus
|
| 102 |
|
|
|a RU
|
| 105 |
|
|
|a y z 001zy
|
| 200 |
1 |
|
|a Африка в мировой политике
|f А. Громыко
|
| 210 |
|
|
|a Москва
|c Наука
|d 1986
|
| 215 |
|
|
|a 240 с.
|
| 225 |
1 |
|
|a Академические чтения
|
| 320 |
|
|
|a Библиогр.: с. 236-239
|
| 606 |
1 |
|
|a Африканские государства
|x Внутренняя политика
|2 stltpush
|3 (RuTPU)RU\TPU\subj\29823
|9 53078
|
| 606 |
1 |
|
|a Африка
|x Экономика
|2 stltpush
|3 (RuTPU)RU\TPU\subj\35867
|9 57430
|
| 610 |
1 |
|
|a экономическая отсталость
|
| 610 |
1 |
|
|a освобождение
|
| 610 |
1 |
|
|a СССР
|
| 610 |
1 |
|
|a дружба
|
| 610 |
1 |
|
|a сотрудничество
|
| 686 |
|
|
|a Ф3(6)
|2 rubbk
|
| 686 |
|
|
|a У9(6)
|2 rubbk
|
| 700 |
|
1 |
|a Громыко
|b А.
|g Анатолий
|
| 801 |
|
1 |
|a RU
|b 63413507
|c 20140702
|
| 801 |
|
2 |
|a RU
|b 63413507
|c 20160525
|g RCR
|
| 942 |
|
|
|c BK
|